| 000 | 00604nam a22001337a 4500 | ||
|---|---|---|---|
| 040 | _cRUA | ||
| 082 | _aAGR SAM 2017 B630 Or.1 | ||
| 100 | _aSAM SOPHAL សំ សុផល | ||
| 245 | _autilization of different manures on chinese kale ( Brassica oleraceavar. alboglabra L.)ការប្រើប្រាស់ជីលាមកសត្វផ្សេងៗគ្នាលើដំណាំខាត់ណាដើម | ||
| 260 |
_aphnom penh _bRUA _c2017 |
||
| 300 |
_ax;38p _bill; _c29cm |
||
| 856 | _uhttps://drive.google.com/file/d/1A9KqE1Q3-j9pU5WAZ_VTY3tHZ6vB9SZn/view?usp=sharing | ||
| 942 | _cAGR | ||
| 999 |
_c17869 _d17869 |
||